Assessment of water pollution / (Record no. 26733)

MARC details
000 -LEADER
fixed length control field 00887nam a22002415a 4500
005 - DATE AND TIME OF LATEST TRANSACTION
control field 20090523154632.0
008 - FIXED-LENGTH DATA ELEMENTS--GENERAL INFORMATION
fixed length control field 080530s2008 ii c b 101 0 eng
010 ## - LCCN (DPL NO)
LC control number ENG-93685
020 ## - INTERNATIONAL STANDARD BOOK NUMBER
International Standard Book Number 9788131305225
Terms of availability 995.00
035 ## - SYSTEM CONTROL NUMBER
System control number EN-77218
037 ## - SOURCE OF ACQUISITION
Source of stock number/acquisition DBAD / PUB
040 ## - CATALOGING SOURCE
Original cataloging agency dpl
Language of cataloging English
082 ## - DEWEY DECIMAL CLASSIFICATION NUMBER
Classification number 363.7394
100 ## - MAIN ENTRY--PERSONAL NAME
Personal name Mishra, S.R.
245 ## - TITLE STATEMENT
Title Assessment of water pollution /
Statement of responsibility, etc by S.R. Mishra
260 ## - PUBLICATION, DISTRIBUTION, ETC. (IMPRINT)
Place of publication, distribution, etc New Delhi
Name of publisher, distributor, etc A.P.H. Publishing
Date of publication, distribution, etc 2009
270 ## - ADDRESS
Address 4435-35/7, Ansari Road, Daryaganj,
City New Delhi
Postal code 110002
300 ## - PHYSICAL DESCRIPTION
Extent xvii, 484p.
Dimensions 23cm(Hb)
500 ## - GENERAL NOTE
General note Includes references and index
651 ## - SUBJECT ADDED ENTRY--GEOGRAPHIC NAME
Geographic name Water
General subdivision Pollution
942 ## - ADDED ENTRY ELEMENTS (KOHA)
Source of classification or shelving scheme Dewey Decimal Classification
Item type English Books
Call number suffix MIS
Classification part 363.7394
Holdings
Withdrawn status Lost status Source of classification or shelving scheme Damaged status Not for loan Collection code Home library Current library Date acquired Source of acquisition Cost, normal purchase price Total Checkouts Full call number Barcode Date last seen Copy number Cost, replacement price Koha item type
    Dewey Decimal Classification   Not For Loan Non-fiction D.B.Act.Division D.B.Act.Division 23/05/2009 DBAD / PUB 995.00   363.7394 MIS EN-77218 23/05/2009 1 995.00 English Books

© Delhi Public Library
Hit Counter
free hit counter